Banderas / (Registro nro. 8839)

Detalles MARC
000 -LIDER
fixed length control field 00713nam a22002537a 4500
001 - NÚMERO DE CONTROL
Identificador de número de control 0144
003 - IDENTIFICACDOR DE NÚMERO DE CONTROL
control field DO-SdBNP
005 - DATE AND TIME OF LATEST TRANSACTION
control field 20151120104656.0
007 - CAMPOS FIJOS DE DESCRIPCIÓN FÍSICA
fixed length control field 0144
008 - ELEMENTOS DE LONGITUD FIJA
fixed length control field 151005b1987 xxu 00| 0 spa d
020 ## - ISBN
International Standard Book Number 0395395631
040 ## - FUENTE DE CATALOGACIÓN
Agencia que crea de manera original el registro BPMSU
Idioma de catalogación spa
Agencia que realiza la transcripción BPMSU
092 ## - LOCALLY ASSIGNED DEWEY DECIMAL CALL NUMBER
Número de clasificación XXXX
Número de ítem (Cutter) XXXX
100 1# - ASIENTO PRINCIPAL -- NOMBRE PERSONAL
Nombre personal Barrera, Rosalinda B.
245 10 - MENCIÓN DE TITULO
Título Banderas /
Mención de responsabilidad Rosalinda B. Barrera, Alan N. Crawford
260 ## - PUBLICACIÓN, DISTRIBUCIÓN, ETC. (PIE DE IMPRENTA)
Lugar de publicación, distribución, etc Boston, Estados Unidos :
Nombre del editor, distribuidor, etc. Houghton mifflin company,
Fecha de publicación, distribución, etc 1987.
300 ## - DESCRIPCIÓN FÍSICA
Extensión 478 p. :
Otros detalles físicos il., retrs.
Dimensiones 24 cm.
500 ## - NOTA GENERAL
Nota general Programa de lectura en español de Houghton Mifflin
521 1# - TARGET AUDIENCE NOTE
Target audience note A partir de los 12 años
700 1# - ASIENTO SECUNDARIO -- NOMBRE PERSONAL
Nombre personal Crawford, Alan N.
910 ## - VALIDACIÓN
Validación 202
942 ## - ADDED ENTRY ELEMENTS (KOHA)
Source of classification or shelving scheme Dewey Decimal Classification
Koha item type Libros
956 ## - LOCAL ELECTRONIC LOCATION AND ACCESS (OCLC)
Nombre de host Yngrid Lockward
Existencias
Withdrawn status Lost status Source of classification or shelving scheme Damaged status Not for loan Collection code Home library Current library Date acquired Source of acquisition Total Checkouts Barcode Date last seen Price effective from Koha item type
    Dewey Decimal Classification       Biblioteca Pública Metropolitana Salomé Ureña Biblioteca Pública Metropolitana Salomé Ureña 11/20/2015 Donación   BPMET15110410 11/20/2015 11/20/2015 Libros